05108njm a2200541Ia 450000100060000000300090000600500170001500800410003204000130007304000130008610000110009910000180011010000380012824500160016625000110018226000110019326000320020430000100023630000290024650000890027550508920036451102160125651102180147251102460169051101210193651102030205751102040226051101450246451101740260951101280278351101410291151101820305251101830323465000460341770000950346370000980355870000700365670000820372670001060380870000820391470000780399670000640407470000820413870000910422070000850431170000850439670000850448125683IT-RoPAU20220918181124.0131025s9999 xx 000 0 und d aIT-RoPAU cIT-RoPAU aAA.VV. eAutore musica gCodice autore musica SPICS: 12000 aNew Orleans a2a ed. aMILANO bMUSICA JAZZc1982 [1a Ed.:] aDISCO c37 minuti (Testo: pag.) aMusica jazz. Disco fuori commercio allegato al n. 10 '82 della rivista "Musica jazz" aJust a Little While To Stay Here [(New Orleans, 18 maggio 1945) (Johnson Bunk) (4:00)] - Bouncing Around [(New York, 24 novembre 1923) (Piron Armand) (3:00)] - It's Jam Up (New Orleans, 25 ottobre 1927) (Celestin Oscar) (4:00)] - Sister Kate [(Savoy Cafè, Boston, 3 aprile 1945) (Johnson Bunk) (4:00)] - Bogalousa Strut [(New Orleans, 22 ottobre 1927) (Morgan Sam) (3:00)] - Duet Stomp [(New Orleans, 15 novembre 1929) (Collins Lee) (3:00)] - Messin' Around [(Chicago, 22 giugno 1926) (Keppard Freddie) (3:00)] - Dippermouth Blues (Richmond, 6 aprile 1923) (Oliver Joe King) (3:00)] - Ory's Creole Trombone (Chicago, 2 settembre 1927) (Armstrong Louis D.) (4:00)] - Cushion Foot Stomp [(New York, 13 aprile 1927) (Williams Clarence) (4:00)] - Tight Like This [(Chicago, 12 dicembre 1928) (Armstrong Louis D.) (4:00)] - Doctor jazz (Chicago, 15 settembre 1926) (Oliver Joe King) (4:00)] aJohnson Bunk: tr; Madison Kid Shots: tr; Robinson Jim: trne; Lewis George: cl; Barbarin Isadore: alto; Alexander Adolphe: bar; Clark Joe: tuba; Dodds Baby: batt; Marrero Lawrence: batt; Bunk Johnson's Brass Band aBocage Peter: tr; Lindsay John: trne; Tio Lorenzo Jr.: cl; Warnecke Louis: alto; Piron Armand: viol; Lewis Steve: p; Bocage Charles: bjo; Seguirre Charles: tuba; Cottrell Louis: batt; Piron's New Orleans Orchestra aCelestin Oscar: corno; Alexis Ricard: corno; Rousseau August: trne; Hall Clarence: cl, alto; Alcorn Oliver: cl, ten; Salvant Jeanette: p; Marrero John: bjo; Marrero Simon: tuba; Frazier Josiah: batt; Celestin's Original Tuxedo Jazz Orchestra aJohnson Bunk: tr; Bechet Sidney: cl; Palmer Ray: p; Foster Pops: cb; Thompson George: batt; Johnson-Bechet Orchestra aMorgan Sam: corn; Morgan Isaiah: corn; Robinson Jim: trne; Morgan Andrew: cl, ten; Fouché Earl: alto; Baptiste Tink: p; Davis Johnny: bjo; Brown Sidney: cb; Evans Roy: batt; Sam Morgan's Jazz Band aCollins Lee: corn; Arodin Sidney: cl; Purnell Theodore: alto; Jones David: ten; Robichaux Joseph: p; Sayles Manuel: bjo; Morgan Al: cb, voce; Stroughter Joe: batt; Jones and Collins Astoria Hot Eight aKeppard Freddie: corn; Garland Fred: trne; Noone Jimmie: cl; Poston Joe: sax; Anderson Kenneth: p; St. Cyr Johnny: bjo; Cookie's Gingersnaps aOliver King: corn; Armstrong Louis: corn; Dutray Honore: trne; Dodds Johnny: cl; Hardin Lil: p; Johnson Bill: bjo; Dodds Baby: batt; King Oliver and his Creole Jazz Band aArmstrong Louis: corn; Ory Kid: trne; Dodds Johnny: cl; Hardin Lil: p; St Cyr Johnny: bjo; Louis Armstrong and his Hot Five aAllen Ed: corn; Bailey Buster: cl; Williams Clarence: p, voce; St Clair Cyrus: tuba; Casey Floyd: wbd; Clarence William's Washboard Five aArmstrong Louis: corn; Robinson Fred: trne; Strong Jimmy: cl; Redman Don: sax; Hines Earl: p; Cara Mancy: bjo; Singleton Zutty: batt; Louis Armstrong and his Savoy Ballroom Five aMitchell George: corn; Ory Kid: trne; Simeon Omer: cl; Morton Jelly Roll: p e vocst.; Cyr Johnny: bjo; Lindsay John: cb; Hilaire Andrew: batt; Jelly Roll Morton's Red Hot Peppers aJAZZ [DISCHI]eCodice MATERIA SPICS: 9950 aAnonimodCodice autore musica SPICS: 2620eAutore musicapJust a Little While To Stay Here aPiron ArmanddCodice autore musica SPICS: 16263eAutore musicapBouncing Around - Sister Kate aBocage PeterdCodice autore SPICS: 16261eAutorepBouncing Around aCelestin OscardCodice autore musica SPICS: 16264eAutore musicapIt's Jam Up aWilliams ClarencedCodice autore musica SPICS: 13039eAutore musicapSister Kate - Cushion Foot Stomp aMorgan SamdCodice autore musica SPICS: 16267eAutore musicapBogalousa Strut aCollins LeedCodice autore musica SPICS: 16270eAutore musicapDuet Stomp aJones DaviddCodice autore SPICS: 16271eAutorepDuet Stomp aParham TinydCodice autore musica SPICS: 16275eAutore musicapMessin' Around aOliver Joe (King)dCodice autore musica SPICS: 10763eAutore musicapDippermouth Blues aOry KiddCodice autore musica SPICS: 16277eAutore musicapOry's Creole Trombone aCurl LangstondCodice autore musica SPICS: 27822eAutore musicapTight Like This aMorton Jelly RolldCodice autore musica SPICS: 10672eAutore musicapDoctor jazz